000 00270nam a2200109Ia 4500
005 20251222144758.0
008 251222s9999||||xx |||||||||||||| ||spa||
082 _a323.85/F34
245 0 _aPerú:
264 _bFederación Internacional de Derechos Humanos
942 _cLIB
999 _c19601
_d19601